Escudos de times do Campeonato Candango Segunda Divisão 2024 - Statistics

Estatísticas Gerais
  • Esse quiz foi jogado 20 vezes
  • A pontuação média é 7 de 8
Estatísticas das Respostas
Imagem Resposta % Correto
GE Valparaíso
100%
AA Luziânia
92%
SESP/Samambaense
92%
Riacho City FC
85%
Sobradinho EC
85%
Botafogo FC
77%
Legião FC
77%
Taguatinga EC
54%
Nenhum quiz correspondente encontrado
Distribuição das Pontuações
Porcentagem de Pessoas com Cada Pontuação
Percentil de Números Respondidos
Sua Pontuação Histórica
Você não jogou esse quiz